000 00551nam a22001937a 4500
003 BD-DhJNU
005 20250123044846.0
008 250123b |||||||| |||| 00| 0 eng d
020 _a0442272146
040 _aBD-DhJNU
_bENG
_cBD-DhJNU
_dBD-DhJNU
082 _223
_a003
100 _aBose, N. K.
245 _aApplied multidimensional systems theory /
_cN. K. Bose
260 _aNew York :
_bVan Nostrand Reinhold,
_c1982.
300 _axvi, 411 p. :
_bill. ;
_c24 cm.
504 _aincludes index
650 _aSystem analysis
942 _2ddc
_cBK
_n0
999 _c1159
_d1159